IJCAI-93 : Proceedings of the Thirteenth International Joint Conference on Artificial Intelligence, Chambery, France August 28 - September 3, 1993
Αποθηκεύτηκε σε:
| Συλλογικό Έργο: | , |
|---|---|
| Άλλοι συγγραφείς: | |
| Μορφή: | Πρακτικό Συνεδρίου Βιβλίο |
| Γλώσσα: | English |
| Δημοσίευση: |
San Mateo, California :
Morgan Kaufmann (Distributor),
c1993
|
| Θέματα: | |
| Ετικέτες: |
Προσθήκη ετικέτας
Δεν υπάρχουν, Καταχωρήστε ετικέτα πρώτοι!
|
MARC
| LEADER | 00000nam a2200000 i 4500 | ||
|---|---|---|---|
| 001 | 1/64226 | ||
| 008 | 960402s1993 eng d | ||
| 020 | |a 1-55860-300-X | ||
| 035 | |a 1995 |c ΔΑΡΖΕΝΤΑΣ |l 10046928 | ||
| 040 | |a GR-MY-UA |b gre |e aacr | ||
| 041 | 0 | |a eng | |
| 082 | 0 | |a 006.3 | |
| 111 | 0 | |a International Joint Conference on Artificial Intelligence |n 13th |d August 28 - September 3, 1993 |c Chambery, France. | |
| 245 | 1 | 0 | |a IJCAI-93 : |b Proceedings of the Thirteenth International Joint Conference on Artificial Intelligence, Chambery, France August 28 - September 3, 1993 / |c Sponsored by the International Joint Conferences on Artificial Intelligence, Co-sponsored and hosted by the Association Francaise pour l'Intelligence Artificielle With support and cooperation from the French Goverment and Other French Corporations and Institutions ; Edited by Ruzena Bajcsy |
| 260 | |a San Mateo, California : |b Morgan Kaufmann (Distributor), |c c1993 | ||
| 300 | |a 2 vols (1708 p.); |c 28 cm. | ||
| 500 | |a Includes bibliographical references and index | ||
| 650 | 0 | 0 | |a Artificial intelligence |x Congresses. |
| 700 | 1 | |a Bajcsy, Ruzena. |4 edt | |
| 710 | 1 | |a Association Francaise pour l'Intelligence Artificielle. | |
| 852 | |a INST |b SAMOS |e 19960402 |h 006.3 INT |p 005300005818 |q 005300005818 |t BK |y 0 |z v.1 | ||
| 852 | |a INST |b SAMOS |e 19960402 |h 006.3 INT |p 005300005819 |q 005300005819 |t BK |y 0 |z v.2 | ||
| 852 | |a INST |b SAMOS |e 19960402 |h 006.3 INT |p 005300005818 |q 005300005818 |t BK |v v.1: |y 0 |z v.1 | ||
| 852 | |a INST |b SAMOS |e 19960402 |h 006.3 INT |p 005300005819 |q 005300005819 |t BK |v v.2: |y 0 |z v.2 | ||
| 853 | |a INST |b SAMOS |h 006.3 INT | ||
| 909 | |a Σ |b 039589 | ||
| 909 | |a Σ |b 039590 | ||